Mentes creativas: una anatomía de la creatividad vista a través de las vidas de Sigmund Freud, Albert Einstein, Pablo Picasso, Igor Stravinsky, T. S. Eliot, Martha Graham, Mahatma Gandhi
El autor ofrece en su libro una revolucionaria visión de la creatividad, así como siete fascinantes retratos de algunos de los personajes que más han contribuido a reinventar el conjunto del saber humano.
Spremljeno u:
| Glavni autor: | |
|---|---|
| Format: | Knjiga |
| Jezik: | Spanish |
| Izdano: |
Barcelona:
Ediciones Paidós Ibérica,
1995
|
| Serija: | Paidós testimonios
|
| Teme: | |
| Online pristup: | Enlace del recurso |
| Oznake: |
Dodaj oznaku
Bez oznaka, Budi prvi tko označuje ovaj zapis!
|
MARC
| LEADER | 00000nam a2200000 a 4500 | ||
|---|---|---|---|
| 001 | 000565 | ||
| 008 | 031023s1995 sp a fr# #001|0#spa#d | ||
| 020 | |a 84-493-0113-0 | ||
| 041 | 0 | |a spa | |
| 043 | |a e-sp--- | ||
| 082 | 0 | 4 | |a 153.35 |b G162m |
| 100 | 1 | |a Gardner, Howard | |
| 245 | 1 | 0 | |a Mentes creativas: |b una anatomía de la creatividad vista a través de las vidas de Sigmund Freud, Albert Einstein, Pablo Picasso, Igor Stravinsky, T. S. Eliot, Martha Graham, Mahatma Gandhi |c Howard Gardner |
| 260 | |a Barcelona: |b Ediciones Paidós Ibérica, |c 1995 | ||
| 300 | |a 459 p.: |b il. | ||
| 440 | 0 | |a Paidós testimonios | |
| 504 | |a Incluye bibliografía e índices. | ||
| 520 | 3 | |a El autor ofrece en su libro una revolucionaria visión de la creatividad, así como siete fascinantes retratos de algunos de los personajes que más han contribuido a reinventar el conjunto del saber humano. | |
| 534 | |p Título original: |t Creating minds. An anatomy of creativity | ||
| 650 | 1 | 4 | |a APTITUD CREADORA |
| 650 | 1 | 4 | |a BIOGRAFÍAS |
| 999 | |c 2717 |d 2717 | ||
| 856 | |u https://catalogo.idep.edu.co/cgi-bin/koha/opac-detail.pl?biblionumber=2717 |z Enlace del recurso | ||